000 00810cam a2200241 a 4500
001 1653766
005 20180105051418.0
008 970716s1998 paua b 001 0 eng c
010 _a 97027844
020 _a0721669743 (pbk.)
040 _aDNLM/DLC
_cDLC
_dDLC
041 _aeng
060 1 0 _aQS 604 M822d 1998
080 _a612.64
082 0 0 _a612.64 MOO
_221
100 1 _a10
101 _aGJIN
245 1 4 _aThe developing human :
_cKeith L. Moore, T.V.N. Persaud.
504 _aIncludes bibliographical references and index.
906 _a7
_bcbc
_corignew
_d1
_eocip
_f19
_gy-gencatlg
942 _2ddc
_cBK
999 _c39802
_d39802